[Event "British Columbia-ch w"]
[Site "Richmond/Burnaby CAN"]
[Date "2023.03.19"]
[Round "3"]
[White "Mok, Gillian"]
[Black "Zhang, Joyce"]
[Result "0-1"]
[WhiteElo "1671"]
[BlackElo "1775"]
[PlyCount "96"]
[EventDate "2023.02.19"]
[EventType "match"]
[EventRounds "3"]
[EventCountry "CAN"]

1. e4 c5 2. Nf3 d6 3. d4 cxd4 4. Nxd4 Nf6 5. Nc3 a6 6. Be2 e5 7. Nb3 Be7 8. f4
O-O 9. O-O b5 10. Be3 Bb7 11. Bf3 Nbd7 12. a3 Rc8 13. Qe1 Nb6 14. fxe5 dxe5 15.
Qg3 Re8 16. Rad1 Qc7 17. Bxb6 Qxb6+ 18. Kh1 Bxa3 19. Nd5 Bxd5 20. exd5 Bxb2 21.
Na1 e4 22. Bg4 Rcd8 23. Rf5 Bxa1 24. Rxa1 Rxd5 25. Rxd5 Nxd5 26. Bd7 Rd8 27.
Qe5 Qf6 28. Qxf6 Nxf6 29. Bc6 e3 30. Bf3 Rd6 31. g4 g5 32. Re1 Re6 33. Kg2 Nd7
34. Kf1 Nb6 35. Ke2 a5 36. Ra1 a4 37. c3 Re5 38. Kd3 Nc4 39. Be2 Re6 40. Kd4
Nd2 41. Ra2 Nb3+ 42. Kd5 Nc1 43. Rb2 a3 44. Rc2 Nxe2 45. Rxe2 a2 46. Rxa2 e2
47. Ra1 e1=Q 48. Rxe1 Rxe1 0-1

[Event "CAN op"]
[Site "Calgary CAN"]
[Date "2023.07.22"]
[Round "1.2"]
[White "Bareev, Evgeny"]
[Black "Zhang, Brian"]
[Result "1-0"]
[WhiteElo "2721"]
[BlackElo "1926"]
[PlyCount "79"]
[EventDate "2023.07.22"]
[EventType "swiss"]
[EventRounds "10"]
[EventCountry "CAN"]

1. d4 d5 2. c4 c6 3. Nf3 Nf6 4. e3 e6 5. b3 Nbd7 6. Bb2 Be7 7. Bd3 b6 8. Nbd2
Bb7 9. O-O O-O 10. Qe2 c5 11. Rac1 Rc8 12. Rfd1 cxd4 13. Nxd4 Re8 14. cxd5 Nxd5
15. Bb5 Bf6 16. Rxc8 Qxc8 17. Ne4 Be5 18. h3 Rd8 19. Nxe6 fxe6 20. Bxd7 Qxd7
21. Bxe5 Nf4 22. Nf6+ gxf6 23. Qg4+ Ng6 24. Rxd7 Rxd7 25. Qxe6+ Rf7 26. Bxf6
Nf8 27. Qg4+ Ng6 28. Bd4 Kf8 29. Qe6 Ne7 30. e4 Nc6 31. Be3 Re7 32. Bh6+ Ke8
33. Qg8+ Kd7 34. Bg5 Re6 35. Qxh7+ Ne7 36. f3 Kd6 37. h4 Bc6 38. h5 Be8 39. h6
Kd7 40. Qg7 1-0

[Event "CAN op"]
[Site "Calgary CAN"]
[Date "2023.07.22"]
[Round "1.3"]
[White "Jackson, Mateo"]
[Black "Nyzhnyk, Iliya"]
[Result "0-1"]
[WhiteElo "1914"]
[BlackElo "2642"]
[PlyCount "58"]
[EventDate "2023.07.22"]
[EventType "swiss"]
[EventRounds "10"]
[EventCountry "CAN"]

1. e4 c6 2. d4 d5 3. exd5 cxd5 4. Bd3 Nc6 5. c3 Qc7 6. Ne2 Bg4 7. f3 Bd7 8. Bf4
e5 9. dxe5 Nxe5 10. Bc2 Nf6 11. Nd2 Bd6 12. O-O h6 13. Qe1 O-O-O 14. Qf2 Rde8
15. b4 Kb8 16. Nb3 Nh5 17. Be3 Nc4 18. Bxa7+ Ka8 19. g3 b6 20. Bxb6 Qxb6 21.
Ned4 Re3 22. Rfe1 Rxc3 23. a3 Ne5 24. Rec1 Rhc8 25. Bd1 Nd3 26. Rxc3 Nxf2 27.
Rxc8+ Bxc8 28. Kxf2 Ba6 29. Rc1 Bc4 0-1

[Event "CAN op"]
[Site "Calgary CAN"]
[Date "2023.07.22"]
[Round "1.4"]
[White "Gupta, Abhijeet"]
[Black "Williamson, Jason"]
[Result "1-0"]
[WhiteElo "2629"]
[BlackElo "1890"]
[PlyCount "35"]
[EventDate "2023.07.22"]
[EventType "swiss"]
[EventRounds "10"]
[EventCountry "CAN"]

1. d4 Nf6 2. c4 g6 3. Nc3 Bg7 4. e4 d6 5. f3 O-O 6. Nge2 c5 7. d5 Nbd7 8. Ng3
a6 9. a4 b5 10. cxb5 axb5 11. Bxb5 Ba6 12. O-O Ra7 13. Be3 Qa5 14. Qc2 Rb8 15.
Nge2 Ne8 16. Rfc1 Ne5 17. b4 Qxb4 18. Bxa6 1-0

[Event "CAN op"]
[Site "Calgary CAN"]
[Date "2023.07.22"]
[Round "1.5"]
[White "MacLeod, Damon"]
[Black "Mikhalevski, Victor"]
[Result "0-1"]
[WhiteElo "1889"]
[BlackElo "2599"]
[PlyCount "24"]
[EventDate "2023.07.22"]
[EventType "swiss"]
[EventRounds "10"]
[EventCountry "CAN"]

1. d4 Nf6 2. Nc3 d5 3. Bf4 c5 4. e4 cxd4 5. Qxd4 Nc6 6. Bb5 Bd7 7. Qa4 a6 8.
Bxc6 Bxc6 9. Qd4 dxe4 10. O-O-O Qxd4 11. Rxd4 Ng4 12. Nge2 e5 0-1

[Event "CAN op"]
[Site "Calgary CAN"]
[Date "2023.07.22"]
[Round "1.6"]
[White "Komarov, Dimittri"]
[Black "Darvekar, Yash"]
[Result "1-0"]
[WhiteElo "2524"]
[BlackElo "1886"]
[PlyCount "73"]
[EventDate "2023.07.22"]
[EventType "swiss"]
[EventRounds "10"]
[EventCountry "CAN"]

1. d4 d5 2. c4 c6 3. Nf3 Nf6 4. Nc3 e6 5. Bg5 dxc4 6. e4 b5 7. e5 h6 8. Bh4 g5
9. Nxg5 hxg5 10. Bxg5 Nbd7 11. exf6 Bb7 12. h4 Qb6 13. Qc2 Qxd4 14. Rd1 Qb6 15.
Be2 O-O-O 16. O-O c5 17. a4 a6 18. axb5 axb5 19. b3 Bh6 20. bxc4 Bxg5 21. hxg5
Qc6 22. f3 bxc4 23. Bxc4 Ne5 24. Nb5 Kb8 25. Qe2 Nxc4 26. Qxc4 Rd5 27. Rxd5
Qxd5 28. Qf4+ e5 29. Qa4 Rd8 30. Rb1 c4 31. Qa7+ Kc8 32. Qb6 Rd7 33. Na7+ Kb8
34. Nc6+ Qxc6 35. Qxc6 Rd1+ 36. Rxd1 Bxc6 37. g6 1-0

[Event "CAN op"]
[Site "Calgary CAN"]
[Date "2023.07.22"]
[Round "1.7"]
[White "Aird, Ian"]
[Black "Banerjee, Bitan"]
[Result "0-1"]
[WhiteElo "1881"]
[BlackElo "2495"]
[PlyCount "46"]
[EventDate "2023.07.22"]
[EventType "swiss"]
[EventRounds "10"]
[EventCountry "CAN"]

1. e4 c5 2. Nf3 d6 3. Bb5+ Nd7 4. c3 Ngf6 5. Qe2 a6 6. Ba4 b5 7. Bc2 Bb7 8. d4
Qc7 9. O-O Rc8 10. d5 g6 11. a4 b4 12. a5 Bg7 13. Re1 O-O 14. Bd2 Rfe8 15. Ba4
e6 16. Bxd7 Nxd7 17. dxe6 Rxe6 18. Ng5 Ree8 19. f3 d5 20. Qf2 h6 21. Nh3 dxe4
22. fxe4 Bxe4 23. Qh4 g5 0-1

[Event "CAN op"]
[Site "Calgary CAN"]
[Date "2023.07.22"]
[Round "1.10"]
[White "Dorrance, Adam"]
[Black "Daniluk, Jim"]
[Result "1-0"]
[WhiteElo "2401"]
[BlackElo "1844"]
[PlyCount "51"]
[EventDate "2023.07.22"]
[EventType "swiss"]
[EventRounds "10"]
[EventCountry "CAN"]

1. d4 Nf6 2. Nf3 c5 3. d5 d6 4. Nc3 g6 5. h3 Bg7 6. e4 O-O 7. Be2 Bd7 8. a4 Ne8
9. O-O f5 10. exf5 Bxf5 11. Bd3 Nc7 12. Ng5 Nd7 13. Nb5 Ne5 14. Bxf5 Rxf5 15.
Nxc7 Qxc7 16. Ne6 Qb6 17. a5 Qb4 18. f4 Nd7 19. c3 Qe4 20. Nc7 Rc8 21. Re1 Qc4
22. Ra4 Qxa4 23. Qxa4 Rxc7 24. Rxe7 Rxd5 25. Rxd7 Rxd7 26. Qxd7 1-0

[Event "CAN op"]
[Site "Calgary CAN"]
[Date "2023.07.22"]
[Round "1.14"]
[White "Ng, Gary"]
[Black "Pottinger, Carl"]
[Result "1-0"]
[WhiteElo "2349"]
[BlackElo "1822"]
[PlyCount "65"]
[EventDate "2023.07.22"]
[EventType "swiss"]
[EventRounds "10"]
[EventCountry "CAN"]

1. b4 d5 2. Bb2 e6 3. e3 Nf6 4. a3 Be7 5. Nf3 a5 6. b5 c5 7. c4 dxc4 8. Bxc4
O-O 9. O-O b6 10. Qe2 Bb7 11. Rd1 Qc7 12. Nc3 Nbd7 13. Rac1 Rad8 14. h3 Ne4 15.
Na4 Bf6 16. d4 Be7 17. Bd3 Ndf6 18. Ne5 Nd7 19. Nxd7 Rxd7 20. Bxe4 Bxe4 21.
dxc5 Rxd1+ 22. Qxd1 Rd8 23. Qg4 Bg6 24. cxb6 Qd6 25. b7 Qb8 26. Qf3 e5 27. Qc6
Bf5 28. Nb6 h6 29. e4 Be6 30. Nc8 Bf6 31. Qc7 Rd1+ 32. Kh2 Qxc7 33. Rxc7 1-0

[Event "CAN op"]
[Site "Calgary CAN"]
[Date "2023.07.22"]
[Round "1.15"]
[White "Reprintsev, Alexander"]
[Black "Yang, Henry"]
[Result "1-0"]
[WhiteElo "2320"]
[BlackElo "1818"]
[PlyCount "53"]
[EventDate "2023.07.22"]
[EventType "swiss"]
[EventRounds "10"]
[EventCountry "CAN"]

1. Nc3 d5 2. d4 Nf6 3. Bf4 e6 4. Nb5 Na6 5. e3 Be7 6. Nf3 O-O 7. Ne5 c6 8. Nc3
Nb8 9. Bd3 c5 10. O-O c4 11. Be2 Bd7 12. e4 b5 13. exd5 Nxd5 14. Bf3 Be8 15.
Bxd5 exd5 16. Qf3 Nc6 17. Nxd5 Nxd4 18. Nxe7+ Qxe7 19. Qxa8 Ne2+ 20. Kh1 Nxf4
21. Qe4 Ne6 22. Rfe1 Bd7 23. Rad1 Nc5 24. Qd4 Be6 25. Nc6 Qg5 26. Re5 Qg4 27.
Rxc5 1-0

[Event "CAN op"]
[Site "Calgary CAN"]
[Date "2023.07.22"]
[Round "1.16"]
[White "Offengenden, Ron"]
[Black "Sasata, Robert"]
[Result "1/2-1/2"]
[WhiteElo "1812"]
[BlackElo "2306"]
[PlyCount "159"]
[EventDate "2023.07.22"]
[EventType "swiss"]
[EventRounds "10"]
[EventCountry "CAN"]

1. e4 e5 2. Nf3 Nc6 3. Bc4 Nf6 4. d3 Bc5 5. Nc3 a6 6. h3 d6 7. Be3 Bxe3 8. fxe3
Na5 9. Bb3 O-O 10. O-O Re8 11. Qe1 Nxb3 12. cxb3 d5 13. Qg3 dxe4 14. dxe4 c6
15. Rad1 Qe7 16. Rd3 b5 17. Rfd1 b4 18. Ne2 a5 19. Qh4 Ba6 20. R3d2 Qc5 21. Kf2
Bxe2 22. Rxe2 Rad8 23. Red2 Rxd2+ 24. Rxd2 h6 25. Ke2 a4 26. Ne1 axb3 27. axb3
Qb5+ 28. Kf3 Kh7 29. Qf2 Qb7 30. Qe2 Qe7 31. g4 Rd8 32. Rxd8 Qxd8 33. Qd3 Qc8
34. Kg3 c5 35. Qc4 Qd7 36. Nd3 Qd6 37. Kf3 Kg8 38. Nxc5 Qd1+ 39. Qe2 Qh1+ 40.
Qg2 Qc1 41. Nd3 Qc6 42. Kg3 Qb5 43. Qc2 Nxe4+ 44. Kh2 Nd6 45. Nf2 Qd5 46. Kg3
g6 47. Qd3 Qc6 48. e4 Qb6 49. Kf3 Qd8 50. Kg2 Qf6 51. Qf3 Qe6 52. Qd3 Kg7 53.
Qd5 Qxd5 54. exd5 e4 55. Nd1 Kf6 56. Ne3 Ke5 57. Nc2 f5 58. gxf5 gxf5 59. Nxb4
f4 60. h4 Kd4 61. Kf2 h5 62. Ke2 Nf5 63. Na6 Kxd5 64. b4 Nxh4 65. b5 Nf5 66.
Nc7+ Ke5 67. b6 Nd6 68. Na6 h4 69. Nc5 h3 70. Kf2 Kd5 71. b4 Kc6 72. b7 e3+ 73.
Kf3 Nxb7 74. Nd3 e2 75. Kxe2 h2 76. Nf2 Nd8 77. Kf3 Ne6 78. Kg2 Kb5 79. Kxh2
Kxb4 80. Nd3+ 1/2-1/2

[Event "CAN op"]
[Site "Calgary CAN"]
[Date "2023.07.22"]
[Round "1.18"]
[White "Ramalho, David"]
[Black "Khodjimatov, Sherzod"]
[Result "0-1"]
[WhiteElo "1803"]
[BlackElo "2304"]
[PlyCount "22"]
[EventDate "2023.07.22"]
[EventType "swiss"]
[EventRounds "10"]
[EventCountry "CAN"]

1. e4 e5 2. Nf3 Nc6 3. Bb5 Nge7 4. O-O Ng6 5. d4 exd4 6. Nxd4 Bc5 7. Be3 Bb6 8.
Na3 O-O 9. Nc4 Bxd4 10. Bxd4 Nxd4 11. Qxd4 a6 0-1

[Event "CAN op"]
[Site "Calgary CAN"]
[Date "2023.07.22"]
[Round "1.19"]
[White "Doknjas, Neil"]
[Black "Quiring, John"]
[Result "1-0"]
[WhiteElo "2297"]
[BlackElo "1799"]
[PlyCount "51"]
[EventDate "2023.07.22"]
[EventType "swiss"]
[EventRounds "10"]
[EventCountry "CAN"]

1. e4 e5 2. Nc3 Nc6 3. g3 Bc5 4. Bg2 d6 5. d3 Nge7 6. Na4 O-O 7. Ne2 Bb6 8.
Nxb6 axb6 9. c4 Bd7 10. O-O Qc8 11. f4 f5 12. b3 Nd4 13. fxe5 dxe5 14. Nxd4
exd4 15. Bf4 c5 16. Qh5 Bc6 17. Bd6 Qe6 18. Bxe7 Qxe7 19. Rxf5 Rxf5 20. Qxf5 b5
21. cxb5 Bxb5 22. Qd5+ Kh8 23. Rc1 Bxd3 24. Qxc5 Qd7 25. Rd1 Rc8 26. Qb4 1-0

[Event "CAN op"]
[Site "Calgary CAN"]
[Date "2023.07.22"]
[Round "1.21"]
[White "Gebhardt, David"]
[Black "Song, Ethan"]
[Result "0-1"]
[WhiteElo "1771"]
[BlackElo "2255"]
[PlyCount "98"]
[EventDate "2023.07.22"]
[EventType "swiss"]
[EventRounds "10"]
[EventCountry "CAN"]

1. e4 c6 2. d4 d5 3. e5 Bf5 4. Bd3 Bxd3 5. Qxd3 e6 6. Nf3 c5 7. c3 Nd7 8. Be3
Ne7 9. Nbd2 Nc6 10. O-O Be7 11. Rfe1 Rc8 12. Rad1 O-O 13. b3 cxd4 14. Bxd4 Qc7
15. c4 dxc4 16. Nxc4 Rfd8 17. Qe3 Nb4 18. Qe2 Nd5 19. Qb2 Bb4 20. Rf1 Qc6 21.
Nd6 Bxd6 22. exd6 f6 23. Qa3 N7b6 24. Bxb6 Qxb6 25. Rc1 Nc3 26. Rfe1 Rxd6 27.
Qb2 Rdc6 28. Rc2 e5 29. Nh4 Qb4 30. Rxc3 Rxc3 31. Nf5 Rc2 32. Qb1 Qxe1+ 33.
Qxe1 Rc1 34. Kf1 Rxe1+ 35. Kxe1 Rc2 36. Nd6 b6 37. a4 Rb2 38. Nc8 Rxb3 39. Nxa7
Rb4 40. Nc8 Kf7 41. Kd2 Ke6 42. Kc3 Rxa4 43. Nxb6 Ra2 44. Nc4 Rxf2 45. Ne3 f5
46. g4 fxg4 47. Nxg4 Rg2 48. h3 h5 49. Ne3 Rg3 0-1

[Event "CAN op"]
[Site "Calgary CAN"]
[Date "2023.07.22"]
[Round "1.22"]
[White "Campbell, Ryan"]
[Black "Ming, Jerry"]
[Result "1-0"]
[WhiteElo "2288"]
[BlackElo "1756"]
[PlyCount "73"]
[EventDate "2023.07.22"]
[EventType "swiss"]
[EventRounds "10"]
[EventCountry "CAN"]

1. e4 c5 2. Nf3 e6 3. d4 cxd4 4. Nxd4 Nc6 5. Nc3 Qc7 6. Be3 a6 7. Qf3 Nf6 8.
O-O-O b5 9. Nxc6 dxc6 10. e5 Nd5 11. Nxd5 cxd5 12. Qg3 g6 13. f4 Bb7 14. Qf2
Rc8 15. Bd3 Bc5 16. Rhe1 Bxe3+ 17. Rxe3 Qc5 18. g4 d4 19. Rg3 Bd5 20. Kb1 Rc7
21. h4 Ke7 22. h5 Rhc8 23. hxg6 hxg6 24. Rh3 Bc4 25. Rd2 Bxd3 26. Qh4+ Kd7 27.
Rhxd3 Kc6 28. Rxd4 Kb6 29. c3 b4 30. c4 a5 31. b3 a4 32. Qf2 axb3 33. axb3 Ra8
34. Rd6+ Kb7 35. Qg2+ Rc6 36. Rxc6 Qxc6 37. Rd7+ 1-0

[Event "CAN op"]
[Site "Calgary CAN"]
[Date "2023.07.22"]
[Round "1.23"]
[White "Yin, Zeming"]
[Black "Yang, Ryan"]
[Result "1/2-1/2"]
[WhiteElo "1748"]
[BlackElo "2217"]
[PlyCount "81"]
[EventDate "2023.07.22"]
[EventType "swiss"]
[EventRounds "10"]
[EventCountry "CAN"]

1. e4 Nf6 2. e5 Nd5 3. Nc3 Nxc3 4. bxc3 d6 5. f4 dxe5 6. fxe5 c5 7. Nf3 Nc6 8.
d4 cxd4 9. cxd4 Bg4 10. c3 e6 11. Bd3 Be7 12. O-O Qd7 13. Be3 Rd8 14. Rb1 O-O
15. h3 Bxf3 16. Qxf3 Nxe5 17. Bxh7+ Kxh7 18. Qh5+ Kg8 19. Qxe5 b6 20. Qg3 f5
21. Bf4 Bd6 22. Rfe1 Bxf4 23. Qxf4 Qd6 24. Re5 Rc8 25. Rb3 Rf6 26. Qf3 Rc7 27.
Kf2 Rf8 28. Qe3 Rc6 29. Ke2 Rfc8 30. Kd2 Kf7 31. Qf3 Qd8 32. Qe3 Qf6 33. Kc2
Qg6 34. Qf3 Qf6 35. Kb2 g6 36. Qf4 a6 37. Qd2 b5 38. a3 Rc4 39. Qe3 R8c7 40.
Qh6 R7c6 41. Qe3 1/2-1/2

[Event "CAN op"]
[Site "Calgary CAN"]
[Date "2023.07.22"]
[Round "1.24"]
[White "Mannion, Stephen"]
[Black "Radic, Dejan"]
[Result "1-0"]
[WhiteElo "2203"]
[BlackElo "1746"]
[PlyCount "87"]
[EventDate "2023.07.22"]
[EventType "swiss"]
[EventRounds "10"]
[EventCountry "CAN"]

1. e4 c5 2. Nf3 g6 3. d4 cxd4 4. Nxd4 Nc6 5. c4 Nf6 6. Nc3 d6 7. f3 Nxd4 8.
Qxd4 Bg7 9. Be3 O-O 10. Qd2 Be6 11. Rc1 Qa5 12. b3 Rfc8 13. Bd3 a6 14. Nd5
Qxd2+ 15. Kxd2 Bxd5 16. cxd5 Nd7 17. b4 b5 18. Rxc8+ Rxc8 19. Rc1 Rxc1 20. Kxc1
Bc3 21. a3 Ne5 22. Be2 h5 23. Kc2 Be1 24. Kb3 e6 25. a4 Kf8 26. axb5 axb5 27.
Bxb5 Ke7 28. h3 exd5 29. exd5 Kd8 30. Bg5+ Kc7 31. Be8 h4 32. Ka4 Kb6 33. Bd8+
Kb7 34. Kb5 Bf2 35. Bg5 Be1 36. Be3 Bg3 37. Bc6+ Kb8 38. Ka6 Nd3 39. b5 Nc5+
40. Kb6 Na4+ 41. Ka5 Nc5 42. b6 Be1+ 43. Kb5 Nb7 44. Be8 1-0

[Event "CAN op"]
[Site "Calgary CAN"]
[Date "2023.07.22"]
[Round "1.25"]
[White "Zhang, James"]
[Black "Kostadinov, Georgi"]
[Result "0-1"]
[WhiteElo "1742"]
[BlackElo "2203"]
[PlyCount "62"]
[EventDate "2023.07.22"]
[EventType "swiss"]
[EventRounds "10"]
[EventCountry "CAN"]

1. e4 c5 2. Nf3 d6 3. d4 cxd4 4. Nxd4 Nf6 5. Nc3 a6 6. Bg5 e6 7. f4 Be7 8. Qf3
Qc7 9. O-O-O Nbd7 10. g4 h6 11. Bxf6 Bxf6 12. h4 Qb6 13. Nb3 Be7 14. f5 Ne5 15.
Qg3 Bd7 16. Bg2 a5 17. a4 Qb4 18. Rd4 Qb6 19. Rhd1 Rc8 20. Bf1 Qc7 21. R1d2 O-O
22. g5 Kh7 23. Rg2 Rg8 24. Qf2 Bc6 25. Bb5 Rcd8 26. Nd2 d5 27. Bxc6 bxc6 28.
exd5 Bc5 29. fxe6 fxe6 30. dxe6 Bxd4 31. Qf5+ g6 0-1

[Event "CAN op"]
[Site "Calgary CAN"]
[Date "2023.07.22"]
[Round "1.26"]
[White "Haessel, Dale"]
[Black "Zou, Alex"]
[Result "1-0"]
[WhiteElo "2201"]
[BlackElo "1742"]
[Annotator ",hugh_brodie@hotmail."]
[PlyCount "169"]
[EventDate "2023.07.22"]
[EventType "swiss"]
[EventRounds "10"]
[EventCountry "CAN"]

1. d4 d5 2. c4 c6 3. Nc3 Nf6 4. e3 e6 5. Nf3 Nbd7 6. Qc2 Be7 7. Bd3 dxc4 8.
Bxc4 b5 9. Be2 Bb7 10. O-O O-O 11. Rd1 Rc8 12. e4 a6 13. Bg5 h6 14. Bh4 c5 15.
e5 Nd5 16. Bxe7 Qxe7 17. Qd2 Nxc3 18. bxc3 Rfd8 19. a4 Bxf3 20. Bxf3 Nxe5 21.
Be2 cxd4 22. cxd4 Nc4 23. Qa2 Qf6 24. axb5 axb5 25. Qa6 Nd6 26. Bxb5 Nxb5 27.
Qxb5 Rxd4 28. Rxd4 Qxd4 29. Qb1 Qd2 30. Qd1 Qf4 31. g3 Qf5 32. Kg2 Rc2 33. Qf3
Qg6 34. h4 h5 35. Ra5 f5 36. Ra8+ Kh7 37. Qb3 Qf7 38. Rd8 Rc7 39. Qb6 Re7 40.
Qe3 Re8 41. Rd4 Qb7+ 42. Kh2 Qb2 43. Qf4 Rc8 44. Kg2 Rc1 45. Rd7 Qc3 46. Rd2
Qa1 47. Qg5 Rg1+ 48. Kf3 Qa8+ 49. Ke2 Qe4+ 50. Qe3 Qg4+ 51. Kd3 Rd1 52. Qxe6
Qf3+ 53. Qe3 Qd5+ 54. Ke2 Rxd2+ 55. Qxd2 Qe4+ 56. Qe3 Qc2+ 57. Kf3 Qd1+ 58. Kf4
Qg4+ 59. Ke5 Qg6 60. Qg5 Qe8+ 61. Kxf5 Qf8+ 62. Ke6 Qxf2 63. Qxh5+ Kg8 64. Qg6
Qb6+ 65. Kf5 Qc5+ 66. Kg4 Qd4+ 67. Kh3 Qd7+ 68. Qg4 Qc6 69. Qd4 Qe6+ 70. g4
Qb3+ 71. Kg2 Qc2+ 72. Kf3 Qc6+ 73. Qe4 Qf6+ 74. Kg3 Qc3+ 75. Kg2 Qb2+ 76. Kg3
Qc3+ 77. Qf3 Qc7+ 78. Kh3 Qc1 79. h5 Qg5 80. Qc3 Qd8 81. Qe3 Qc8 82. Kh4 Qc4
83. Qe8+ Kh7 84. Qg6+ Kh8 85. h6 {
Rest of moves are unreadable. White won in 92 moves.} 1-0

[Event "CAN op"]
[Site "Calgary CAN"]
[Date "2023.07.22"]
[Round "1.27"]
[White "Sasata, Alexander"]
[Black "Tolentino, Patrick Angelo"]
[Result "1/2-1/2"]
[WhiteElo "1736"]
[BlackElo "2201"]
[PlyCount "57"]
[EventDate "2023.07.22"]
[EventType "swiss"]
[EventRounds "10"]
[EventCountry "CAN"]

1. d4 Nf6 2. c4 e6 3. Nf3 d5 4. Nc3 Bb4 5. cxd5 exd5 6. Bg5 h6 7. Bxf6 Qxf6 8.
a3 Bxc3+ 9. bxc3 O-O 10. e3 c5 11. Bd3 Nc6 12. h3 c4 13. Bc2 Bf5 14. O-O b5 15.
Bxf5 Qxf5 16. Qb1 Qxb1 17. Raxb1 Rab8 18. Rfe1 Rfe8 19. Nd2 Re7 20. e4 dxe4 21.
d5 Rd7 22. dxc6 Rxd2 23. a4 a6 24. axb5 axb5 25. Rxe4 Rc8 26. Rxb5 Rxc6 27. Rb4
Rc2 28. Rbxc4 Rxc3 29. Rxc6 1/2-1/2

[Event "CAN op"]
[Site "Calgary CAN"]
[Date "2023.07.22"]
[Round "1.28"]
[White "Srinivasan, Hemant"]
[Black "Zhang, Michelle"]
[Result "1/2-1/2"]
[WhiteElo "2200"]
[BlackElo "1734"]
[PlyCount "121"]
[EventDate "2023.07.22"]
[EventType "swiss"]
[EventRounds "10"]
[EventCountry "CAN"]

1. d4 d5 2. c4 c6 3. Nc3 Nf6 4. Nf3 e6 5. e3 Nbd7 6. Bd3 dxc4 7. Bxc4 b5 8. Bd3
a6 9. O-O Bb7 10. e4 b4 11. Na4 Be7 12. Qc2 h6 13. Qe2 c5 14. e5 Nd5 15. Bd2 a5
16. Rac1 Rc8 17. Rc2 cxd4 18. Rxc8 Qxc8 19. Rc1 Qb8 20. Bb5 Nc7 21. Nxd4 Nxb5
22. Qxb5 Qxe5 23. Qxb7 Qxd4 24. Be3 Qd5 25. Qc8+ Bd8 26. Nc5 Nb6 27. Qa6 O-O
28. Qxa5 Nc4 29. Qxb4 Nxe3 30. fxe3 Bg5 31. Qc3 Qxa2 32. Ne4 Be7 33. Ng3 Bf6
34. Qa3 Qxb2 35. Qxb2 Bxb2 36. Rc2 Be5 37. Kf2 Bxg3+ 38. Kxg3 g5 39. h4 Kg7 40.
hxg5 hxg5 41. Kg4 Kg6 42. e4 Rb8 43. Rc5 f5+ 44. exf5+ exf5+ 45. Kg3 Rb3+ 46.
Kf2 Rb2+ 47. Kg3 f4+ 48. Kf3 Rb3+ 49. Kf2 g4 50. Ra5 Re3 51. Rb5 Ra3 52. Ke2
Ra2+ 53. Kf1 g3 54. Rc5 Ra1+ 55. Ke2 Rg1 56. Kf3 Rf1+ 57. Kg4 Rf2 58. Rc6+ Kf7
59. Rc4 Rxg2 60. Rxf4+ Ke6 61. Rf3 1/2-1/2

[Event "CAN op"]
[Site "Calgary CAN"]
[Date "2023.07.22"]
[Round "1.29"]
[White "Wharton, Kayode"]
[Black "Vasic, Maxim"]
[Result "0-1"]
[WhiteElo "1728"]
[BlackElo "2200"]
[PlyCount "80"]
[EventDate "2023.07.22"]
[EventType "swiss"]
[EventRounds "10"]
[EventCountry "CAN"]

1. c4 Nf6 2. d4 e6 3. Nc3 Bb4 4. Bd2 O-O 5. Nf3 d5 6. cxd5 exd5 7. e3 Re8 8.
Be2 Bd6 9. Qc2 a6 10. O-O Nbd7 11. Bd3 c5 12. Kh1 c4 13. Bf5 g6 14. Bh3 b5 15.
e4 Nxe4 16. Nxd5 Nxd2 17. Qxd2 Bb7 18. Bxd7 Bxd5 19. Bxe8 Bxf3 20. Qh6 Bd5 21.
Rae1 Ra7 22. Re3 Bf8 23. Qf4 Bb4 24. Re2 Bd6 25. Qh6 Be7 26. Rfe1 Qxe8 27. Re5
Qd8 28. Qe3 Bf8 29. Re8 Qd6 30. Qh6 Bc6 31. Rc8 Ra8 32. Rxa8 Bxa8 33. Re8 Bxg2+
34. Kg1 Bc6 35. Rc8 b4 36. Qg5 Qe6 37. Rxf8+ Kxf8 38. Qc5+ Kg8 39. Qxb4 Qg4+
40. Kf1 Qd1+ 0-1

[Event "CAN op"]
[Site "Calgary CAN"]
[Date "2023.07.22"]
[Round "1.30"]
[White "Chandra, Anand Rishi"]
[Black "Russell, Wesley"]
[Result "1-0"]
[WhiteElo "2199"]
[BlackElo "1723"]
[PlyCount "83"]
[EventDate "2023.07.22"]
[EventType "swiss"]
[EventRounds "10"]
[EventCountry "CAN"]

1. e4 c6 2. Nf3 d5 3. exd5 cxd5 4. Ne5 Nc6 5. d4 Nf6 6. Be2 e6 7. f4 Ne4 8. Nf3
Be7 9. O-O O-O 10. Be3 f5 11. c4 Bd7 12. a3 a5 13. cxd5 exd5 14. Qb3 Be8 15.
Nc3 Nxc3 16. bxc3 Rb8 17. c4 Bf7 18. Rfd1 Bf6 19. Rac1 Re8 20. Ne5 Be6 21. cxd5
Bxd5 22. Bc4 Ne7 23. Bxd5+ Qxd5 24. Qb6 Rbc8 25. Bf2 a4 26. Rb1 Rc3 27. Rb5 Qa2
28. d5 Ng6 29. d6 Nxf4 30. Qxb7 Rc2 31. Bg3 Ne2+ 32. Kh1 Nxg3+ 33. hxg3 Qe6 34.
Nd7 Rd8 35. Nc5 Qf7 36. Qxf7+ Kxf7 37. Rb7+ Kg6 38. Ne6 Re8 39. Nf4+ Kh6 40. d7
Re3 41. Rb6 Rb3 42. Rxf6+ 1-0

[Event "CAN op"]
[Site "Calgary CAN"]
[Date "2023.07.22"]
[Round "1.31"]
[White "Wong, Ford"]
[Black "Kapra, Jerjis"]
[Result "0-1"]
[WhiteElo "1721"]
[BlackElo "2198"]
[PlyCount "82"]
[EventDate "2023.07.22"]
[EventType "swiss"]
[EventRounds "10"]
[EventCountry "CAN"]

1. d4 d5 2. c4 dxc4 3. Nc3 a6 4. a4 e5 5. dxe5 Qxd1+ 6. Nxd1 Nc6 7. Bf4 Nge7 8.
e4 Ng6 9. Bg3 Ngxe5 10. f4 Nd3+ 11. Bxd3 cxd3 12. Nc3 Nb4 13. O-O-O Be6 14. Nf3
Bb3 15. Rd2 b5 16. Nd5 O-O-O 17. axb5 axb5 18. Ne5 Bxd5 19. exd5 Rxd5 20. Nxf7
Rg8 21. Re1 Na2+ 22. Kd1 Bb4 23. Re4 Bxd2 24. Kxd2 c5 25. f5 Nb4 26. Nd6+ Kd7
27. Nxb5 Rf8 28. Bh4 Nc6 29. g4 Rb8 30. Nc3 Rxb2+ 31. Kd1 Rd4 32. f6 gxf6 33.
Bxf6 Rxe4 34. Nxe4 Rc2 35. h4 Nb4 36. h5 Nd5 37. Bg5 c4 38. h6 Re2 39. Nf6+
Nxf6 40. Bxf6 Ke6 41. Bc3 Rg2 0-1

[Event "CAN op"]
[Site "Calgary CAN"]
[Date "2023.07.22"]
[Round "1.32"]
[White "Sharma, Vishruth"]
[Black "McCoshen, Ricky"]
[Result "1/2-1/2"]
[WhiteElo "2198"]
[BlackElo "1717"]
[PlyCount "68"]
[EventDate "2023.07.22"]
[EventType "swiss"]
[EventRounds "10"]
[EventCountry "CAN"]

1. e4 c5 2. Nf3 d6 3. d4 cxd4 4. Nxd4 Nf6 5. Nc3 Nc6 6. f3 e6 7. Be3 Be7 8. Qd2
a6 9. O-O-O Qc7 10. g4 h5 11. g5 Nd7 12. f4 b5 13. g6 Nc5 14. gxf7+ Kf8 15. Qg2
b4 16. Rg1 g5 17. Nd5 exd5 18. exd5 Nxd4 19. Bxd4 Rh7 20. fxg5 Rxf7 21. g6 Rf6
22. g7+ Kg8 23. Bxf6 Bxf6 24. Qg6 Bxg7 25. Qe8+ Kh7 26. Qxh5+ Kg8 27. Qe8+ Kh7
28. Rd4 Bf5 29. Rh4+ Bh6+ 30. Rxh6+ Kxh6 31. Qe3+ Kh7 32. Qf2 Bg6 33. Qh4+ Kg7
34. Qd4+ Kh7 1/2-1/2

[Event "CAN op"]
[Site "Calgary CAN"]
[Date "2023.07.22"]
[Round "1.33"]
[White "Henry, Liam"]
[Black "Ashley, Mathew"]
[Result "1-0"]
[WhiteElo "2172"]
[BlackElo "1709"]
[PlyCount "55"]
[EventDate "2023.07.22"]
[EventType "swiss"]
[EventRounds "10"]
[EventCountry "CAN"]

1. Nf3 d5 2. g3 Nf6 3. Bg2 e6 4. O-O Be7 5. d3 O-O 6. Nbd2 c5 7. e4 Nc6 8. e5
Nd7 9. Re1 Qc7 10. Qe2 Rb8 11. Nf1 b5 12. Bf4 c4 13. d4 a5 14. Ne3 Nb6 15. h4
c3 16. b3 Ba3 17. Rad1 Nb4 18. Ng5 g6 19. Ng4 Kg7 20. Nh3 h5 21. Bh6+ Kg8 22.
Nf6+ Kh8 23. Bxf8 Nxc2 24. Bxa3 Nxa3 25. g4 c2 26. Rc1 b4 27. gxh5 Nb5 28. Qxb5
1-0